Defense facts of life : (Record no. 60108)
[ view plain ]
| 000 -LEADER | |
|---|---|
| fixed length control field | 00975nam a2200277 a 4500 |
| 001 - CONTROL NUMBER | |
| control field | 60108 |
| 003 - CONTROL NUMBER IDENTIFIER | |
| rucl marc code | BD-RjUL |
| 005 - DATE AND TIME OF LATEST TRANSACTION | |
| control field | 20211209080814.0 |
| 008 - FIXED-LENGTH DATA ELEMENTS--GENERAL INFORMATION | |
| fixed length control field | 161228s1985 enka 001 0 eng |
| 020 ## - INTERNATIONAL STANDARD BOOK NUMBER | |
| International Standard Book Number | 0865317194 (pbk.) : |
| Terms of availability | $10.95 (est.) |
| International Standard Book Number | 0865317186 (hard) : |
| Terms of availability | $25.00 (est.) |
| 035 ## - SYSTEM CONTROL NUMBER | |
| System control number | (BD-RjUL)60232 |
| 040 ## - CATALOGING SOURCE | |
| Original cataloging agency | DLC |
| Transcribing agency | DLC |
| Modifying agency | DLC |
| Language of cataloging | eng |
| 041 ## - LANGUAGE CODE | |
| Language code of text/sound track or separate title | eng |
| 082 00 - DEWEY DECIMAL CLASSIFICATION NUMBER | |
| Classification number | 355.033573 |
| Edition number | 23 |
| Author mark and year | SPD 1985 |
| 100 1# - MAIN ENTRY--PERSONAL NAME | |
| Personal name | Spinney, Franklin C. |
| 9 (RLIN) | 178905 |
| 245 10 - TITLE STATEMENT | |
| Title | Defense facts of life : |
| Remainder of title | the plans/reality mismatch / |
| Statement of responsibility, etc. | Franklin C. Spinney ; edited and with commentary by James Clay Thompson. |
| 260 ## - PUBLICATION, DISTRIBUTION, ETC. (IMPRINT) | |
| Place of publication, distribution, etc. | Boulder : |
| Name of publisher, distributor, etc. | Westview Press, |
| Date of publication, distribution, etc. | c1985. |
| 300 ## - PHYSICAL DESCRIPTION | |
| Pagination | xviii, 260 p. : |
| Illustrations | ill. ; |
| Size | 23 cm. |
| 500 ## - GENERAL NOTE | |
| General note | Includes index. |
| 651 #0 - SUBJECT ADDED ENTRY--GEOGRAPHIC NAME | |
| Geographic name | United States |
| General subdivision | Military policy. |
| 9 (RLIN) | 176084 |
| Geographic name | United States |
| General subdivision | Armed Forces |
| -- | Appropriations and expenditures. |
| 9 (RLIN) | 178906 |
| 700 1# - ADDED ENTRY--PERSONAL NAME | |
| Personal name | Thompson, James Clay, |
| Dates associated with a name | 1943- |
| 942 ## - ADDED ENTRY ELEMENTS (KOHA) | |
| Source of classification or shelving scheme | Dewey Decimal Classification |
| Koha item type | Books |
| Lost status | Source of classification or shelving scheme | Damaged status | Not for loan | Collection code | Permanent Location | Current Location | Shelving location | Date acquired | Source of acquisition | Total Checkouts | Full call number | Date last seen | Copy number | Koha item type |
|---|---|---|---|---|---|---|---|---|---|---|---|---|---|---|
| Dewey Decimal Classification | Not For Loan | Non-fiction | Central Library, University of Rajshahi | Central Library, University of Rajshahi | Reading Room | 12/09/1989 | Asia foundation | 355.033573 SPD 1985 | 28/12/2016 | C-1 | Books |